000 01732nam a22004457a 4500
001 000096524
003 CHAP
005 20220817044131.0
008 010920d2006 mx r 00110 spa d
010 _a92990
011 _a93962
035 _a104545
040 _cCHAP
090 _aTesis
100 1 _aReyes García, Cristina.
_996840
245 1 0 _aAplicación de sistemas de información geográfica, en la determinación de unidades ecológicas, en la cuenca del río Texcoco, Estado de México /
_c/por Cristina Reyes García e Claudia Villaseca Lara.
260 _aChapingo, Méx. :
_bEl autor,
_c2006.
300 _a70 h. :
_bilus., gráfs.; cuadros.
502 _aTesis (Ing. en Recursos Naturales Renovables) -- UACH. Departamento de Suelos
590 _aALEPH
_b10
_c20130110
_lUCH01
_h1514
590 _aBATCH-UPD
_b10
_c20130110
_lUCH01
_h0624
590 _aBATCH-UPD
_b10
_c20130110
_lUCH01
_h2327
590 _aBATCH-UPD
_b10
_c20130410
_lUCH01
_h0307
590 _aBATCH-UPD
_b10
_c20130914
_lUCH01
_h1536
590 _aBATCH-UPD
_b10
_c20140324
_lUCH01
_h1459
590 _aBATCH-UPD
_b10
_c20141002
_lUCH01
_h0832
590 _aCONVERSION
_b10
_c20130109
_lUCH01
_h1351
590 _aE792CSJ
_b10
_c20130607
_lUCH01
_h1019
650 1 4 _aCuenca del Río Texcoco.
_930054
650 1 4 _aGeografía
_zMéxico (Edo.).
_947566
650 1 4 _aSistemas de Información Geográfica.
700 1 _aVillaseca Lara, Claudia
_9119684
856 _3Finding aid
_uhttp://10.13.5.2/tesis/104545.pdf
_zTeclea aquí
901 _aBK
905 _aElisama A. H.
942 _cCD
942 _n0
949 _aTesis
_bBC
_cTES
_d33724002004462
_eTS2
_fc.2
_h45854
_i104545
_si
949 _aTesis
_bBC
_cTES
_d33724002004504
_eTS1
_h45853
_i104545
_sb
999 _c92990
_d92990